000 00443nam a22001697a 4500
005 20251108165440.0
008 250721s2000 xx 000 0 ara d
082 1 4 _a398.91565/شعر
100 1 _aأبو الشعر، روضة
245 1 0 _aأمثال من البيئة الأردنية /
264 _c2000.
300 _a103ص
650 1 7 _aالحكم (الأمثال)
650 1 7 _aالأردن
942 _2ddc
_cBK
999 _c28166
_d28166